| 000 | 01100nam a22003137a 4500 | ||
|---|---|---|---|
| 001 | 5237 | ||
| 003 | FISKH | ||
| 005 | 20241120151258.0 | ||
| 008 | 241120b cb ||||| |||| 00| 0 eng d | ||
| 020 | _a9781407104218 | ||
| 040 |
_aFISKH _beng _cFISKH _dFISKH |
||
| 050 | _aPS430 | ||
| 082 | _a909.0971241 | ||
| 100 | _aDeary, Terry | ||
| 245 |
_aThe Barmy British Empire / _cby Terry Deary |
||
| 260 |
_aNew York : _bScholastic ; _c2002 . |
||
| 300 |
_a139 pages : _billustrations ; _c21 cm . |
||
| 490 | _aHorrible Histories | ||
| 505 | _aS | ||
| 520 | _aReaders can discover all the foul facts about the Barmy British Empire, including how a war started when a Brit was sitting on a stool, who wore a necklace made of 50 human skulls and why a British soldier used his own coffin as a wardrobe. | ||
| 521 | 8 |
_a790
_bLexile estimate |
|
| 521 | 8 |
_aS
_bRaz-Plus |
|
| 650 |
_achildren's _vnon-fiction |
||
| 650 |
_aBritish Empire _vnon-fiction |
||
| 650 |
_a Great Britain _vnon-fiction |
||
| 700 |
_aBrown, Martin _eillustrator |
||
| 942 |
_2ddc _cBK _n0 |
||
| 999 |
_c5237 _d5237 |
||